Epam terapie : rozpis kurzů Borise Tichanovského 2010 : výrobky Epam, léčba některých nemocí

Jazyk: Čeština
Vydáno: [Česko : Epam sdružení], c2009
Témata:
Externí odkaz: Digitalizovaný dokument
Fyzický popis: 128 s. ; 21 cm
Knihy
Uloženo v:
LEADER 02263nam a2200601 a 4500
001 nkc20102029945
003 CZ PrNK
005 20150319102433.0
007 ta
008 100120s2009 xr e f 000 0 cze
015 |z cnb002029945 
020 |a 978-80-254-6498-4  |q (brož.) 
035 |a (OCoLC)614277964 
040 |a BOA001  |b cze  |d ABA001 
043 |a e-ru---  |a e-xr--- 
045 |a x-y-  |a y0y0 
072 7 |a 615.8  |x Fyzioterapie. Psychoterapie. Alternativní lékařství  |2 Konspekt  |9 14 
080 |a 615.8-051  |2 MRF 
080 |a 615.8  |2 MRF 
080 |a 615.83+615.89  |2 MRF 
080 |a 615.8(515)  |2 MRF 
080 |a 615.45  |2 MRF 
080 |a 37.018.4  |2 MRF 
080 |a (470+571)  |2 MRF 
080 |a (437.3)  |2 MRF 
080 |a (036)  |2 MRF 
245 0 0 |a Epam terapie :  |b rozpis kurzů Borise Tichanovského 2010 : výrobky Epam, léčba některých nemocí 
260 |a [Česko :  |b Epam sdružení],  |c c2009 
300 |a 128 s. ;  |c 21 cm 
600 1 7 |a Tichanovskij, Boris  |7 xx0001309  |2 czenas 
648 7 |a 20.-21. století  |7 ch462155  |2 czenas 
648 7 |a 2001-2010  |7 ch460588  |2 czenas 
648 7 |a 2010  |7 ch967319  |2 czenas 
650 0 7 |a léčitelé  |7 ph139278  |z Rusko  |y 20.-21. století  |2 czenas 
650 0 7 |a léčitelství  |7 ph159629  |z Česko  |2 czenas 
650 0 7 |a přírodní léčitelství  |7 ph135495  |z Česko  |2 czenas 
650 0 7 |a tibetské lékařství  |7 ph126641  |z Česko  |2 czenas 
650 0 7 |a léčivé přípravky  |7 ph122532  |2 czenas 
650 0 7 |a vzdělávací kurzy  |7 ph262225  |z Česko  |y 2001-2010  |2 czenas 
650 0 9 |a healers  |z Russia  |y 20th-21st centuries  |2 eczenas 
650 0 9 |a healing  |z Czechia  |2 eczenas 
650 0 9 |a Tibetan medicine  |z Czechia  |2 eczenas 
650 0 9 |a pharmaceutical preparations  |2 eczenas 
650 0 9 |a educational courses  |z Czechia  |y 2001-2010  |2 eczenas 
653 0 |a EPAM 
655 7 |a informační publikace  |7 fd132454  |2 czenas 
655 9 |a information publications  |2 eczenas 
856 4 1 |u http://www.digitalniknihovna.cz/mzk/uuid/uuid:66f7cbf0-3975-11e4-8e0d-005056827e51  |y Digitalizovaný dokument  |x NDK 
910 2 |a BOA001  |b 2-1239.317 
990 |a BK 
995 |a 11 
991 |b 201004  |c NOV 
996 6 |b 2610423314  |c 2-1239.317  |l MZK  |r Sklad / do 1 hodiny  |n 1  |p p.v.  |w 001112763  |u 000010  |a 1  |e BOA001  |j MZK50  |s P